000 00935nam a22002657i 4500
999 _c23142
_d23142
003 AR-CdUCM
008 241115b20222022 pe||||| |||| 00| 0 spa d
020 _a978-612-00-7748-1
040 _aMUNICIPALIDAD PROVINCIAL DEL CUSCO
_cBIBLIOTECA MUNICIPAL DEL CUSCO
041 _hspa
082 _a001.42 / B12
_bB12
100 _aBaca Garcia, Kevin
_950847
245 _aTesisfinal.docx :
_bMetodología de la investigación en palabras simples /
260 _aCusco :
_c2022
300 _a100 páginas. :
_c21cm.
500 _zBibliografía: página 99
505 _aPlanteamiento del problema -- Marco teórico -- Marco metodológico -- Resultados -- Conclusiones -- Recomendaciones
650 _aInvestigación
_91940
650 _aNivel de investigación
_950848
650 _aMétodos
_950849
650 _aObjetivos
_942435
650 _aDelimitación
_919286
942 _2ddc
_cLIBROS
945 _apbj
_d15-11-2024